[Event "Poznan op 22nd"]
[Site "Poznan"]
[Date "2014.08.10"]
[Round "3"]
[White "Niekras, Dawid"]
[Black "Kostecki, Samuel"]
[Result "1-0"]
[WhiteElo "2003"]
[BlackElo "1567"]
[PlyCount "81"]
[EventDate "2014.08.09"]
[EventType "swiss"]
[EventRounds "9"]
[EventCountry "POL"]
[SourceTitle "CBM 161 Extra"]
[Source "ChessBase"]
[SourceDate "2014.08.29"]
[SourceVersion "1"]
[SourceVersionDate "2014.08.29"]
[SourceQuality "1"]

1. e4 c5 2. Nf3 Nc6 3. d4 cxd4 4. Nxd4 Nf6 5. Nc3 e5 6. Ndb5 d6 7. Bg5 a6 8. Na3 b5 9. Nd5 Be7 10. Bxf6 Bxf6 11. c4 Rb8 12. cxb5 Nd4 13. b6 0-0 14. Nc4 Be6 15. Be2 Bg5 16. 0-0 Bxd5 17. exd5 f5 18. g3 f4 19. Bg4 f3 20. Qd3 h5 21. Be6+ Nxe6 22. dxe6 Qf6 23. Qd5 Kh8 24. Nxd6 Rxb6 25. Nf7+ Kh7 26. Nxe5 Qxe6 27. Qd3+ Qf5 28. Qxf5+ Rxf5 29. Nc4 Rc6 30. b3 a5 31. a4 h4 32. g4 Rd5 33. h3 Be7 34. Rfd1 Rxd1+ 35. Rxd1 Bb4 36. Rd3 Rf6 37. Ne5 g5 38. Nxf3 Kh6 39. Nd4 Rf4 40. Nf3 Kg6 41. Kg2 1-0

[Event "Gniezno GOSiR op-A"]
[Site "Gniezno"]
[Date "2012.08.15"]
[Round "9"]
[White "Kostecki, Samuel"]
[Black "Wittig, Zenon"]
[Result "1/2-1/2"]
[WhiteElo "1447"]
[BlackElo "1568"]
[PlyCount "78"]
[EventDate "2012.08.11"]
[EventType "swiss"]
[EventRounds "9"]
[EventCountry "POL"]
[SourceTitle "EXT 2023"]
[Source "ChessBase"]
[SourceDate "2022.10.05"]
[SourceVersion "1"]
[SourceVersionDate "2022.10.05"]
[SourceQuality "1"]

1. c4 Nf6 2. g3 g6 3. Bg2 Bg7 4. Nc3 0-0 5. e4 d6 6. d4 c6 7. Nge2 Nbd7 8. 0-0 Qc7 9. b4 a6 10. a4 e5 11. d5 c5 12. b5 b6 13. Bd2 a5 14. Qc1 Kh8 15. Bh6 Ng8 16. Bxg7+ Kxg7 17. f4 exf4 18. Rxf4 Ne5 19. Nd1 Nd3 20. Qc3+ Ne5 21. Nf2 f6 22. Nd3 Bd7 23. Raf1 g5 24. Nxe5 fxe5 25. Rxf8 Rxf8 26. Rxf8 Kxf8 27. Qf3+ Kg7 28. Qh5 Qd8 29. Bh3 Be8 30. Qf3 h5 31. Be6 Qf6 32. Qg2 Bf7 33. Bxf7 Kxf7 34. Nc3 Kg6 35. Nd1 Nh6 36. Ne3 g4 37. Qf2 Qg5 38. Qd2 Qf6 39. Qf2 Qg5 1/2-1/2

[Event "Gniezno GOSiR op-A"]
[Site "Gniezno"]
[Date "2012.08.13"]
[Round "5"]
[White "Mietkiewicz, Jacek"]
[Black "Kostecki, Samuel"]
[Result "0-1"]
[WhiteElo "1506"]
[BlackElo "1447"]
[PlyCount "88"]
[EventDate "2012.08.11"]
[EventType "swiss"]
[EventRounds "9"]
[EventCountry "POL"]
[SourceTitle "EXT 2023"]
[Source "ChessBase"]
[SourceDate "2022.10.05"]
[SourceVersion "1"]
[SourceVersionDate "2022.10.05"]
[SourceQuality "1"]

1. d4 c5 2. dxc5 e6 3. Nf3 Bxc5 4. e3 Nf6 5. Bd3 Nc6 6. 0-0 0-0 7. Nc3 a6 8. e4 Qc7 9. h3 b5 10. Bg5 Be7 11. Re1 d6 12. Qe2 Bb7 13. Rad1 Rad8 14. Bh4 Nh5 15. Bxe7 Nxe7 16. e5 Nf4 17. Qe3 dxe5 18. Be4 f6 19. Bxb7 Qxb7 20. Ne4 Nf5 21. Qc1 Nd4 22. Nxd4 f5 23. Nxe6 Nxe6 24. Ng5 Nf4 25. Nf3 Rxd1 26. Qxd1 e4 27. Nh2 e3 28. Qf3 Qxf3 29. Nxf3 exf2+ 30. Kxf2 Rc8 31. Re2 Nxe2 32. Kxe2 Rxc2+ 33. Nd2 Rxb2 34. Kd3 Rxa2 35. Kc3 Rxd2 36. Kxd2 a5 37. Kc3 a4 38. g3 a3 39. Kb3 b4 40. h4 Kf7 41. Ka2 Kf6 42. Kb3 Ke5 43. Kc2 Ke4 44. Kb3 Kf3 0-1

[Event "Gniezno GOSiR op-A"]
[Site "Gniezno"]
[Date "2012.08.11"]
[Round "1"]
[White "Kostecki, Samuel"]
[Black "Czaplinski, Piotr"]
[Result "1/2-1/2"]
[WhiteElo "1447"]
[BlackElo "1820"]
[PlyCount "75"]
[EventDate "2012.08.11"]
[EventType "swiss"]
[EventRounds "9"]
[EventCountry "POL"]
[SourceTitle "EXT 2023"]
[Source "ChessBase"]
[SourceDate "2022.10.05"]
[SourceVersion "1"]
[SourceVersionDate "2022.10.05"]
[SourceQuality "1"]

1. d4 Nf6 2. Nf3 g6 3. c4 Bg7 4. Nc3 0-0 5. e4 d6 6. Be2 e5 7. d5 c5 8. 0-0 Na6 9. a3 Bd7 10. Bd2 Rb8 11. Rb1 Nc7 12. b4 cxb4 13. axb4 b5 14. c5 dxc5 15. bxc5 b4 16. Na2 a5 17. c6 Be8 18. Bg5 Qd6 19. Nd2 Ncxd5 20. Nc4 Qxc6 21. exd5 Nxd5 22. Nxa5 Qa8 23. Bf3 e4 24. Bxe4 Qxa5 25. Bxd5 Rb5 26. Be7 Rxd5 27. Qb3 Ba4 28. Qxb4 Re8 29. Qxa5 Rxa5 30. Bb4 Ra6 31. Bc3 Bc2 32. Rb2 Bd3 33. Rd1 Bxc3 34. Nxc3 Rc6 35. Nd5 Bc4 36. h3 Bxd5 37. Rxd5 Rc1+ 38. Kh2 1/2-1/2

[Event "Gdansk op 14th"]
[Site "Gdansk"]
[Date "2012.07.29"]
[Round "9"]
[White "Kostecki, Samuel"]
[Black "Cybulski, Ryszard"]
[Result "1/2-1/2"]
[WhiteElo "1447"]
[BlackElo "1925"]
[PlyCount "80"]
[EventDate "2012.07.22"]
[EventType "swiss"]
[EventRounds "9"]
[EventCountry "POL"]
[SourceTitle "CBM 149 Extra"]
[Source "ChessBase"]
[SourceDate "2012.08.24"]
[SourceVersion "1"]
[SourceVersionDate "2012.08.24"]
[SourceQuality "1"]

1. d4 Nf6 2. c4 e6 3. Nc3 Bb4 4. Nf3 b6 5. g3 Bb7 6. Bg2 0-0 7. 0-0 Bxc3 8. bxc3 Ne4 9. Qc2 f5 10. Bf4 Nc6 11. Nd2 Nxd2 12. Qxd2 Na5 13. Bxb7 Nxb7 14. Rab1 d6 15. Rbe1 h6 16. h4 Qf6 17. e4 fxe4 18. Rxe4 Rae8 19. Rfe1 Nd8 20. Qe2 Qg6 21. Bc1 Rf6 22. Rg4 Qf7 23. Rf4 e5 24. Rxf6 Qxf6 25. Qe4 Rf8 26. Re2 Nf7 27. Re3 Qe6 28. dxe5 Qxe5 29. Qd5 Qf6 30. Rf3 Qe5 31. Re3 Qxd5 32. cxd5 Ne5 33. f4 Nc4 34. Re7 Rf7 35. Re4 b5 36. a4 a6 37. Re8+ Rf8 38. Rxf8+ Kxf8 39. axb5 axb5 40. Kf2 Kf7 1/2-1/2

[Event "Gdansk op 14th"]
[Site "Gdansk"]
[Date "2012.07.26"]
[Round "6"]
[White "Szymanowski, Igor"]
[Black "Kostecki, Samuel"]
[Result "1-0"]
[WhiteElo "1639"]
[BlackElo "1447"]
[PlyCount "51"]
[EventDate "2012.07.22"]
[EventType "swiss"]
[EventRounds "9"]
[EventCountry "POL"]
[SourceTitle "CBM 149 Extra"]
[Source "ChessBase"]
[SourceDate "2012.08.24"]
[SourceVersion "1"]
[SourceVersionDate "2012.08.24"]
[SourceQuality "1"]

1. e4 c5 2. Nf3 e6 3. d4 cxd4 4. Nxd4 a6 5. Bd3 Bc5 6. Nf3 Nc6 7. 0-0 Nge7 8. Ng5 Ng6 9. Kh1 Be7 10. Nh3 Nge5 11. f4 Nxd3 12. Qxd3 b6 13. Qg3 Rg8 14. f5 Bb7 15. fxe6 dxe6 16. Ng5 Qd4 17. c3 Qc4 18. Nd2 Qe2 19. Re1 Qh5 20. Nc4 b5 21. Nb6 Rb8 22. Bf4 e5 23. Bxe5 Bxg5 24. Bxb8 Bh4 25. Qc7 Bxe1 26. Qd7+ 1-0

[Event "Poznan op 21th"]
[Site "Poznan"]
[Date "2011.08.14"]
[Round "9"]
[White "Koper, Konrad"]
[Black "Kostecki, Samuel"]
[Result "0-1"]
[WhiteElo "1650"]
[BlackElo "1341"]
[PlyCount "85"]
[EventDate "2011.08.06"]
[EventType "swiss"]
[EventRounds "9"]
[EventCountry "POL"]
[SourceTitle "CBM 143 Extra"]
[Source "ChessBase"]
[SourceDate "2011.08.29"]
[SourceVersion "1"]
[SourceVersionDate "2011.08.29"]
[SourceQuality "1"]

1. e4 c5 2. Nc3 e6 3. Bc4 a6 4. a4 Nc6 5. d3 b6 6. f4 Bb7 7. Nf3 Qc7 8. 0-0 0-0-0 9. Be3 Nge7 10. e5 f6 11. Ne4 Nf5 12. Bd2 fxe5 13. fxe5 Nxe5 14. Nxe5 Qxe5 15. Bf4 Qd4+ 16. Kh1 Ne3 17. Bxe3 Qxe3 18. Re1 Qh6 19. Bb3 Be7 20. Qg4 Rhf8 21. Nc3 Bd6 22. h3 Rf4 23. Qe2 Qxh3+ 24. Kg1 Rg4 25. Ne4 Bh2+ 26. Kh1 Qh4 27. Qxg4 Qxg4 28. Kxh2 Kc7 29. Kg1 h5 30. Re3 h4 31. Rae1 Rh8 32. Rh3 Rh6 33. c3 Rg6 34. Rh2 h3 35. Bd1 Qh4 36. Re3 Rxg2+ 37. Rxg2 hxg2 38. Kxg2 Bxe4+ 39. Rxe4 Qg5+ 40. Bg4 Qd2+ 41. Re2 Qxd3 42. Kf2 Qc4 43. a5 0-1

[Event "Poznan op 20th"]
[Site "Poznan"]
[Date "2011.07.17"]
[Round "2"]
[White "Kostecki, Samuel"]
[Black "Warchol, Maria"]
[Result "0-1"]
[WhiteElo "1341"]
[BlackElo "1820"]
[PlyCount "89"]
[EventDate "2011.07.16"]
[EventType "swiss"]
[EventRounds "9"]
[EventCountry "POL"]
[SourceTitle "CBM 143 Extra"]
[Source "ChessBase"]
[SourceDate "2011.08.29"]
[SourceVersion "1"]
[SourceVersionDate "2011.08.29"]
[SourceQuality "1"]

1. d4 d5 2. c4 c6 3. g3 Bf5 4. Qb3 b6 5. Bg2 e6 6. Nf3 Bd6 7. 0-0 Nf6 8. Bg5 Nbd7 9. Nc3 h6 10. Bd2 0-0 11. Rac1 Rc8 12. cxd5 exd5 13. Nh4 Be6 14. Rfe1 Re8 15. a3 Nf8 16. Qa4 c5 17. dxc5 bxc5 18. e3 Rb8 19. Nd1 N6d7 20. Ba5 Qe7 21. Qc2 g6 22. Bc3 c4 23. h3 Nc5 24. Bf1 Ne4 25. Kg2 Qc7 26. Kh2 g5 27. Nf3 Bf5 28. Nd4 Bg6 29. Qe2 Nc5 30. Ra1 Nd3 31. Bg2 Nxe1 32. Qxe1 Nd7 33. Kg1 Nc5 34. Bd2 Be5 35. Bc3 h5 36. Nf3 Bxc3 37. Qxc3 Qc6 38. Nd4 Qd6 39. Nf3 Nb3 40. Ra2 Bb1 41. Ra1 Nxa1 42. Qc1 Qg6 43. Nc3 Nb3 44. Qxb1 Qxb1+ 45. Nxb1 0-1

[Event "Poznan op 20th"]
[Site "Poznan"]
[Date "2011.07.16"]
[Round "1"]
[White "Cholewa, Maria"]
[Black "Kostecki, Samuel"]
[Result "1/2-1/2"]
[WhiteElo "1857"]
[BlackElo "1341"]
[PlyCount "98"]
[EventDate "2011.07.16"]
[EventType "swiss"]
[EventRounds "9"]
[EventCountry "POL"]
[SourceTitle "CBM 143 Extra"]
[Source "ChessBase"]
[SourceDate "2011.08.29"]
[SourceVersion "1"]
[SourceVersionDate "2011.08.29"]
[SourceQuality "1"]

1. e4 c5 2. Nc3 Nc6 3. g3 b6 4. Bg2 Bb7 5. Nf3 Nf6 6. d3 d5 7. exd5 Nxd5 8. Ne4 e6 9. 0-0 Be7 10. Re1 Nf6 11. Nc3 0-0 12. Bf4 Bd6 13. Qd2 Qb8 14. Bxd6 Qxd6 15. Nb5 Qd7 16. a3 a6 17. Nc3 Qc7 18. Rad1 Rad8 19. Qc1 Rfe8 20. h3 h6 21. g4 Nd4 22. Nxd4 Rxd4 23. Bxb7 Qxb7 24. Ne2 Rd6 25. Qf4 Red8 26. Qg3 g5 27. h4 Kg7 28. h5 Qd5 29. f3 Nd7 30. Nc3 Qd4+ 31. Kg2 Qf4 32. Qxf4 gxf4 33. Ne4 Rd5 34. Nc3 Rd6 35. Re4 e5 36. Re2 f6 37. Ne4 Rd4 38. Red2 Nf8 39. Nc3 R4d6 40. b4 cxb4 41. axb4 Rc6 42. Ne4 Ne6 43. Ra1 b5 44. c3 Kf7 45. Kf2 Ke7 46. Ke2 Nc7 47. Nc5 Kf7 48. Rda2 Ra8 49. Kd2 Ke7 1/2-1/2